MARC details
| 000 -LEADER |
| fixed length control field |
03092nam a22006377a 4500 |
| 005 - DATE AND TIME OF LATEST TRANSACTION |
| control field |
20231018103317.0 |
| 020 ## - INTERNATIONAL STANDARD BOOK NUMBER |
| International Standard Book Number |
9781421523279 |
| Qualifying information |
(v. 1 ; |
| -- |
pbk.) |
| 020 ## - INTERNATIONAL STANDARD BOOK NUMBER |
| International Standard Book Number |
1421523272 |
| Qualifying information |
(v. 1 ; |
| -- |
pbk.) |
| 020 ## - INTERNATIONAL STANDARD BOOK NUMBER |
| International Standard Book Number |
9781421523286 |
| Qualifying information |
(v. 2 ; |
| -- |
pbk.) |
| 020 ## - INTERNATIONAL STANDARD BOOK NUMBER |
| International Standard Book Number |
1421523280 |
| Qualifying information |
(v. 2 ; |
| -- |
pbk.) |
| 020 ## - INTERNATIONAL STANDARD BOOK NUMBER |
| International Standard Book Number |
9781421523293 |
| Qualifying information |
(v. 3 ; |
| -- |
pbk.) |
| 020 ## - INTERNATIONAL STANDARD BOOK NUMBER |
| International Standard Book Number |
1421523299 |
| Qualifying information |
(v. 3 ; |
| -- |
pbk.) |
| 020 ## - INTERNATIONAL STANDARD BOOK NUMBER |
| International Standard Book Number |
9781421523309 |
| Qualifying information |
(v. 4 ; |
| -- |
pbk.) |
| 020 ## - INTERNATIONAL STANDARD BOOK NUMBER |
| International Standard Book Number |
1421523302 |
| Qualifying information |
(v. 4 ; |
| -- |
pbk.) |
| 020 ## - INTERNATIONAL STANDARD BOOK NUMBER |
| International Standard Book Number |
9781421523323 |
| Qualifying information |
(v. 6 ; |
| -- |
pbk.) |
| 020 ## - INTERNATIONAL STANDARD BOOK NUMBER |
| International Standard Book Number |
1421523329 |
| Qualifying information |
(v. 6 ; |
| -- |
pbk.) |
| 020 ## - INTERNATIONAL STANDARD BOOK NUMBER |
| International Standard Book Number |
9781421523330 |
| Qualifying information |
(v. 7 ; |
| -- |
pbk.) |
| 020 ## - INTERNATIONAL STANDARD BOOK NUMBER |
| International Standard Book Number |
1421523337 |
| Qualifying information |
(v. 7 ; |
| -- |
pbk.) |
| 020 ## - INTERNATIONAL STANDARD BOOK NUMBER |
| International Standard Book Number |
9781421523347 |
| Qualifying information |
(v. 8 ; |
| -- |
pbk.) |
| 020 ## - INTERNATIONAL STANDARD BOOK NUMBER |
| International Standard Book Number |
1421523345 |
| Qualifying information |
(v. 8 ; |
| -- |
pbk.) |
| 020 ## - INTERNATIONAL STANDARD BOOK NUMBER |
| International Standard Book Number |
9781421523354 |
| Qualifying information |
(v. 9 ; |
| -- |
pbk.) |
| 020 ## - INTERNATIONAL STANDARD BOOK NUMBER |
| International Standard Book Number |
1421523353 |
| Qualifying information |
(v. 9 ; |
| -- |
pbk.) |
| 020 ## - INTERNATIONAL STANDARD BOOK NUMBER |
| International Standard Book Number |
9781421537245 |
| Qualifying information |
(v. 10 ; |
| -- |
pbk.) |
| 020 ## - INTERNATIONAL STANDARD BOOK NUMBER |
| International Standard Book Number |
1421537249 |
| Qualifying information |
(v. 10 ; |
| -- |
pbk.) |
| 040 ## - CATALOGING SOURCE |
| Original cataloging agency |
BTCTA |
| Language of cataloging |
eng |
| Transcribing agency |
BTCTA |
| Modifying agency |
OSU |
| -- |
IH9 |
| -- |
OCLCQ |
| -- |
BAKER |
| -- |
BRL |
| -- |
HALAN |
| -- |
BIB |
| -- |
GK8 |
| -- |
NZDAR |
| -- |
OCLCQ |
| -- |
T3G |
| -- |
T7B |
| -- |
AA5 |
| -- |
YU7 |
| -- |
MSA |
| -- |
OCLCF |
| -- |
OCLCQ |
| -- |
TOH |
| -- |
OCL |
| -- |
I8M |
| -- |
OCLCQ |
| -- |
OCLCA |
| -- |
IGA |
| -- |
AZZPT |
| -- |
QT4 |
| -- |
M$J |
| -- |
DLC |
| -- |
FISKH |
| 050 00 - LIBRARY OF CONGRESS CALL NUMBER |
| Classification number |
PZ7.7.H555 |
| Item number |
Le 2008 |
| 082 00 - DEWEY DECIMAL CLASSIFICATION NUMBER |
| Classification number |
741.5/952 |
| Edition number |
23 |
| 100 1# - MAIN ENTRY--PERSONAL NAME |
| Personal name |
Himekawa, Akira |
| Relator term |
artist, |
| -- |
author. |
| 245 14 - TITLE STATEMENT |
| Title |
The legend of Zelda / |
| Statement of responsibility, etc. |
story and art by Akira Himekawa ; translation, John Werry ; English adaptation Steven "Stan!" Brown. |
| Remainder of title |
The minish cap |
| 250 ## - EDITION STATEMENT |
| Edition statement |
Tenth printing, May 2016 |
| 260 ## - PUBLICATION, DISTRIBUTION, ETC. |
| Place of publication, distribution, etc. |
San Francisco, CA : |
| Name of publisher, distributor, etc. |
VIZ Media, |
| Date of publication, distribution, etc. |
2009 |
| 300 ## - PHYSICAL DESCRIPTION |
| Extent |
187 pages : |
| Other physical details |
chiefly illustrations ; |
| Dimensions |
20 cm |
| 490 ## - SERIES STATEMENT |
| Series statement |
The Legend of Zelda |
| Volume/sequential designation |
Book 8 |
| 500 ## - GENERAL NOTE |
| General note |
"Based on the hit video game series"--V. 1, p. [4] of cover. |
| 500 ## - GENERAL NOTE |
| General note |
Pages numbered from right to left. |
| 520 ## - SUMMARY, ETC. |
| Summary, etc. |
A boy named Link sets out on a quest to deliver the Emerald, one of the three spiritual stones that hold the key to controlling the land of Hyrule, to Zelda, the country's princess, facing many perils on his journey. |
| 520 ## - SUMMARY, ETC. |
| Summary, etc. |
Written by Akira Himekawa and published in early 2006 in Japan, this manga chronicles the adventures of Link in the game of the same name, including a short omake featuring Ezlo and Vaati. Viz released an English adaptation of this manga as Volume 8 of their Zelda series on December 1, 2009 |
| 521 1# - TARGET AUDIENCE NOTE |
| Target audience note |
Rated A for all ages. |
| 650 #1 - SUBJECT ADDED ENTRY--TOPICAL TERM |
| Topical term or geographic name entry element |
Graphic novels. |
| 650 #1 - SUBJECT ADDED ENTRY--TOPICAL TERM |
| Topical term or geographic name entry element |
Adventure and adventurers |
| Form subdivision |
Fiction. |
| 650 #1 - SUBJECT ADDED ENTRY--TOPICAL TERM |
| Topical term or geographic name entry element |
Quests (Expeditions) |
| Form subdivision |
Fiction. |
| 650 #1 - SUBJECT ADDED ENTRY--TOPICAL TERM |
| Topical term or geographic name entry element |
Fantasy. |
| 650 #7 - SUBJECT ADDED ENTRY--TOPICAL TERM |
| Topical term or geographic name entry element |
COMICS & GRAPHIC NOVELS / Manga / Fantasy. |
| Source of heading or term |
bisacsh |
| 650 #7 - SUBJECT ADDED ENTRY--TOPICAL TERM |
| Topical term or geographic name entry element |
COMICS & GRAPHIC NOVELS / Manga / Media Tie-In. |
| Source of heading or term |
bisacsh |
| 650 #7 - SUBJECT ADDED ENTRY--TOPICAL TERM |
| Topical term or geographic name entry element |
JUVENILE FICTION / Action & Adventure. |
| Source of heading or term |
bisacsh |
| 650 #7 - SUBJECT ADDED ENTRY--TOPICAL TERM |
| Topical term or geographic name entry element |
Adventure and adventurers. |
| Source of heading or term |
fast |
| Authority record control number or standard number |
(OCoLC)fst00797447 |
| 650 #7 - SUBJECT ADDED ENTRY--TOPICAL TERM |
| Topical term or geographic name entry element |
Legend of Zelda (Game) |
| Source of heading or term |
fast |
| Authority record control number or standard number |
(OCoLC)fst00995587 |
| 650 #7 - SUBJECT ADDED ENTRY--TOPICAL TERM |
| Topical term or geographic name entry element |
Comic books, strips, etc. |
| Source of heading or term |
sears |
| 655 #0 - INDEX TERM--GENRE/FORM |
| Genre/form data or focus term |
Graphic novels. |
| 655 #7 - INDEX TERM--GENRE/FORM |
| Genre/form data or focus term |
Comic books, strips, etc. |
| Source of term |
fast |
| Authority record control number or standard number |
(OCoLC)fst01423722 |
| 700 1# - ADDED ENTRY--PERSONAL NAME |
| Personal name |
Werry, John |
| Titles and other words associated with a name |
(Translator), |
| Relator term |
translator. |
| 700 0# - ADDED ENTRY--PERSONAL NAME |
| Personal name |
Stan!, |
| Dates associated with a name |
1964- |
| 906 ## - LOCAL DATA ELEMENT F, LDF (RLIN) |
| a |
7 |
| b |
cbc |
| c |
copycat |
| d |
2 |
| e |
ncip |
| f |
20 |
| g |
y-gencatlg |
| 942 ## - ADDED ENTRY ELEMENTS (KOHA) |
| Source of classification or shelving scheme |
Dewey Decimal Classification |
| Koha item type |
Books |
| Suppress in OPAC |
No |
| 999 ## - |
| -- |
1811 |
| -- |
1811 |